Základná charakteristika a trendy vo vývoji poskytovania sociálnych služieb na Slovensku
Stručná charakteristika a vývoj legislatívy v oblasti sociálnych služieb na Slovensku a ich finančnom zabezpečení. Prebiehajúci proces transformácie a deinštitucionalizácie sociálnych služieb.
Salvato in:
| Autore principale: | |
|---|---|
| Altri autori: | |
| Natura: | Capitolo di libro |
| Lingua: | slovacco |
| Soggetti: | |
| Tags: |
Nessun Tag, puoi essere il primo ad aggiungerne!!
|
MARC
| LEADER | 00000nla a2200000 4500 | ||
|---|---|---|---|
| 001 | 0175397 | ||
| 005 | 20240502073006.8 | ||
| 041 | 0 | |a slo | |
| 044 | |a SK | ||
| 245 | 1 | 0 | |a Základná charakteristika a trendy vo vývoji poskytovania sociálnych služieb na Slovensku |c Jaroslava Kováčová, Roman Klimko |
| 520 | |a Stručná charakteristika a vývoj legislatívy v oblasti sociálnych služieb na Slovensku a ich finančnom zabezpečení. Prebiehajúci proces transformácie a deinštitucionalizácie sociálnych služieb. | ||
| 610 | 2 | 0 | |a Slovensko |
| 610 | 2 | 0 | |a služby sociálne |
| 610 | 2 | 0 | |a financovanie |
| 610 | 2 | 0 | |a služby starostlivosti sociálnej |
| 610 | 2 | 0 | |a transformácia |
| 610 | 2 | 0 | |a zákony |
| 100 | 1 | |a Kováčová, Jaroslava | |
| 700 | 1 | |a Klimko, Roman, 1985- | |